000 007090000a22001210004500
100 1 _aGonzález A, Juan Carlos
245 1 0 _aTras la esquiva redención : El regreso de Martin Scorsese
300 _aVol.0, núm.15 (Diciembre, 2006), Páginas 18-19
500 _aMédico, crítico de cine.
520 _aLos infiltrados, la última película de Martin Scorsese que se encuentra en cartelera, la traido de vuelta al cine negro a un director a quien el mundo de Hollywood aún no le hace justicia. A pesar de su grandeza, muchos espectadores se preguntan si el genio de Taxi Driver y Toro salvaje conseguirá un Oscar con su nueva película.
773 0 _tArcadia / Andrés Felipe Solano, Editor
942 _cANA
999 _c61864
_d61864